01346cam a22003614a 450000100090000000300040000900500170001300800410003001000170007102000320008802000280012003500200014804000230016804200080019105000240019906000230022308200240024624501000027026000570037030000330042750400530046053001130051365000570062665000540068365000250073765000240076265000250078665000210081170000170083270000240084970000220087385600890089512136998OSt20220524144545.0000810s2001 njua bf 001 0 eng c a 00063628  a058538715X (electronic bk.) a0805814957 (alk. paper) a(DNLM)100962160 aDNLM/DLCcDLCdDLC apcc00aR726.7b.H3645 200110aWB 103bH2363 200100a616.0019221bBAU/H00aHandbook of health psychology /c[edited by] Andrew Baum, Tracey A. Revenson, Jerome E. Singer. aMahwah, N.J. :bLawrence Erlbaum Associates,cc2001. axx, 961 p. :bill. ;c29 cm. aIncludes bibliographical references and indexes. aAlso available as an electronic book via the World Wide Web to institutions affiliated with netLibrary, Inc. 0aClinical health psychologyvHandbooks, manuals, etc. 0aMedicine and psychologyvHandbooks, manuals, etc.12aBehavioral Medicine.22aAttitude to Health.22aDiseasexpsychology.22aHealth Behavior.1 aBaum, Andrew1 aRevenson, Tracey A.1 aSinger, Jerome E.423Publisher descriptionuhttp://www.loc.gov/catdir/enhancements/fy0634/00063628-d.html